| 000 | 00642nam a2200217Ia 4500 | ||
|---|---|---|---|
| 008 | 241004s9999 xx 000 0 und d | ||
| 020 | _a9788178540573 | ||
| 037 | _aTextbook | ||
| 040 |
_aARTS _beng _cARTS |
||
| 041 |
_aeng _2eng |
||
| 084 |
_aDelta2 R2 _qARTS |
||
| 100 |
_aSharma Narendra Nath Ed. _9395258 |
||
| 245 |
_aNAth aghorananda yoga - karnika : and ancient treatisa on yoga _cSharma Narendra Nath Ed. |
||
| 250 | _a2nd Ed. | ||
| 260 |
_aIndia _bDelhi Eastern Book Linkers _c2022 |
||
| 300 | _a628p. | ||
| 365 |
_aINR _b400 |
||
| 650 | _aMysticism | ||
| 942 |
_cTB _hDelta2 R2 |
||
| 999 |
_c1218873 _d1218873 |
||